Từ điển di truyền học, tế bào học, chọn giống, nhân giống và giống cây trồng

Từ điển thuật ngữ Việt-Việt về di truyền học, tế bào học, chọn giống, nhân giống và giống cây trồng do nxb. KHKT dịch của Liên Xô

Đã lưu trong:
Sonraí Bibleagrafaíochta
Príomhúdar: Gulyaev, G.V.
Údair Eile: Malchenkô, V.V. (Tác giả), Trịnh Bá Hữu (Dịch), Lê Duy Thành... (Dịch), Lê Đình Lương (Dịch)
Formáid: Leabhar
Teanga:Vietnamese
Foilsithe: H. Khoa học và kỹ thuật 1981
Ábhair:
Clibeanna: Cuir Clib Leis
Gan Chlibeanna, Bí ar an gcéad duine leis an taifead seo a chlibeáil!
Thư viện lưu trữ: Mạng thư viện Đại học Đà Nẵng
LEADER 01664nam a22004458a 4500
001 000007210
003 3371
005 20111003161058.0
008 110927s1981 b 000 0 vieod
020 |c 0  |d 3100b 
041 0 |a vie 
041 0 |a dịch nga 
082 |a 576.03  |b GU-V 
084 |a M1 
100 1 |a Gulyaev, G.V. 
245 1 0 |a Từ điển di truyền học, tế bào học, chọn giống, nhân giống và giống cây trồng  |c G.V. Gulyaev, V.V. Malchenkô ; Dịch: Trịnh Bá Hữu, Lê Đình Lương... 
260 |a H.  |b Khoa học và kỹ thuật  |c 1981 
300 |a 379 tr.  |c 19 cm. 
520 |a Từ điển thuật ngữ Việt-Việt về di truyền học, tế bào học, chọn giống, nhân giống và giống cây trồng do nxb. KHKT dịch của Liên Xô 
653 |a Từ điển 
653 |a Việt-Việt 
653 |a Nhân giống 
653 |a Chọn giống 
653 |a Tế bào học 
653 |a Di truyền học 
700 1 |a Malchenkô, V.V.  |e Tác giả 
700 1 |a Trịnh Bá Hữu  |e Dịch 
700 1 |a Lê Duy Thành...  |e Dịch 
700 1 |a Lê Đình Lương  |e Dịch 
910 |a Huỳnh Thị Cẩm Lai  |d 27/09/2011 
OWN |a LSP 
AVA |a UDN50  |b LSP  |d 576.03 GU-V  |e available  |t Error 5001 Not defined in file expand_doc_bib_avail.  |f 2  |g 1  |h N  |i 0  |k 1 
999 |a From the UDN01 
AVA |a UDN50  |b LSP  |d 576.03 GU-V  |e available  |t Error 5001 Not defined in file expand_doc_bib_avail.  |f 2  |g 1  |h N  |i 0  |k 1 
TYP |a Monograph 
TYP |a Printed language 
980 |a Mạng thư viện Đại học Đà Nẵng